The International Dictionary of Artificial Intelligence (Record no. 3242)

MARC details
000 -LEADER
fixed length control field 00355nam a2200133Ia 4500
008 - FIXED-LENGTH DATA ELEMENTS--GENERAL INFORMATION
fixed length control field 191201s2003 xx 000 0 und d
082 ## - DEWEY DECIMAL CLASSIFICATION NUMBER
Classification number 004.678
Item number RAI
100 ## - MAIN ENTRY--PERSONAL NAME
Personal name RAYNOR, William
245 #4 - TITLE STATEMENT
Title The International Dictionary of Artificial Intelligence
260 ## - PUBLICATION, DISTRIBUTION, ETC. (IMPRINT)
Place of publication, distribution, etc N.Delhi
Name of publisher, distributor, etc Prentice Hall
Date of publication, distribution, etc 2003
300 ## - PHYSICAL DESCRIPTION
Extent 327
650 ## - SUBJECT ADDED ENTRY--TOPICAL TERM
Topical term or geographic name as entry element B.Tech(IT)
942 ## - ADDED ENTRY ELEMENTS (KOHA)
Source of classification or shelving scheme Dewey Decimal Classification
Koha item type Text Books
Holdings
Withdrawn status Lost status Source of classification or shelving scheme Damaged status Not for loan Collection code Home library Current library Date acquired Source of acquisition Cost, normal purchase price Bill Number Total Checkouts Full call number Acc. no. / Barcode Date last seen Bill Date Koha item type Public note
    Dewey Decimal Classification     GENERAL PIET C-LIBRARY PIET C-LIBRARY 26/09/2007 UDH, Delhi 295.00 943   004.678 RAI 7977 04/12/2019 07/09/2007 Text Books Dictionary
    Dewey Decimal Classification     GENERAL PIET C-LIBRARY PIET C-LIBRARY 26/09/2007 UDH, Delhi 295.00 943   004.678 RAI 7978 04/12/2019 07/09/2007 Text Books Dictionary
    Dewey Decimal Classification     GENERAL PIET C-LIBRARY PIET C-LIBRARY 26/09/2007 UDH, Delhi 295.00 943   004.678 RAI 7979 04/12/2019 07/09/2007 Text Books Dictionary

Design & Developed by: PIET Central Library
R70 Miles Stone Pattikalyana Samalkha Panipat 132102
mail ID :- [email protected], Phone No:- 0180-2569700 Ex.216